Normal view MARC view

Entry Nombre personal

Number of records used in: 6

001 - NÚMERO DE CONTROL

  • campo de control: 128996

003 - IDENTIFICADOR DE NÚMERO DE CONTROL

  • campo de control: SpMaBN

005 - FECHA Y HORA DE LA ÚLTIMA TRANSACCIÓN

  • campo de control: 20250716084042.0

008 - ELEMENTOS DE DATO DE LONGITUD-FIJA

  • campo de control de longitud fija: 950118n| aijnnaabn |a aaa

016 ## - NÚMERO DE CONTROL DE UNA AGENCIA BIBLIOGRÁFICA NACIONAL

  • Número de control del registro: BNE19950040600

024 7# - IDENTIFICADOR DE OTROS ESTÁNDARES

  • Número estándar o código: http://viaf.org/viaf/61799157/
  • Fuente: viaf

024 7# - IDENTIFICADOR DE OTROS ESTÁNDARES

  • Número estándar o código: https://isni.org/isni/0000000118275596
  • Fuente: isni

024 7# - IDENTIFICADOR DE OTROS ESTÁNDARES

  • Número estándar o código: http://www.wikidata.org/entity/Q5658048
  • Fuente: wikidata

040 ## - FUENTE DE CATALOGACIÓN

  • Centro catalogador/agencia de origen: SpMaBN
  • Lengua de catalogación: spa
  • Centro/agencia transcriptor: SpMaBN
  • Normas de descripción: rdc
  • Convención/Normas de encabezamiento de materia/tesauro: embne

042 ## - CÓDIGO DE AUTENTICACIÓN

  • Código de autenticación: NORM20091222

100 1# - ENCABEZAMIENTO-NOMBRE DE PERSONA

  • Nombre de persona: Llanos y Alcaraz, Adolfo,
  • Fechas asociadas al nombre: 1841-post. 1904

370 ## - LUGAR ASOCIADO

  • Lugar de nacimiento: Cartagena, Murcia, España
  • Fuente de información: (Wikidata)
  • Número de control del registro de autoridad o número normalizado: XX450829

374 ## - OCUPACIÓN

  • Ocupación: Escritores
  • Ocupación: Dramaturgos
  • Ocupación: Periodistas
  • Ocupación: Militares
  • Fuente de información: Wikidata

375 ## - GÉNERO/SEXO

  • Género: Masculino

377 ## - IDIOMA ASOCIADO

  • Término de lengua/lenguaje: Español

400 1# - TRAZADO DE VÉASE--NOMBRE DE PERSONA

  • Nombre de persona: Llanos, Adolfo,
  • Fechas asociadas al nombre: 1841-post. 1904

400 1# - TRAZADO DE VÉASE--NOMBRE DE PERSONA

  • Nombre de persona: Llanos Alcaraz, Adolfo,
  • Fechas asociadas al nombre: 1841-post. 1904

400 1# - TRAZADO DE VÉASE--NOMBRE DE PERSONA

  • Nombre de persona: Llanos Alcaraz, A.,
  • Fechas asociadas al nombre: 1841-post. 1904

670 ## - FUENTE DE DATOS ENCONTRADOS

  • Cita de la fuente: Libro de verano, 1885
  • Información encontrada: port. (Adolfo Llanos y Alcaraz)

670 ## - FUENTE DE DATOS ENCONTRADOS

  • Cita de la fuente: La campaña de Melilla de 1893-1894, 1994
  • Información encontrada: port. (Adolfo Llanos Alcaraz) sobrecub. (n. 1841 en Cartagena; militar y escritor)

670 ## - FUENTE DE DATOS ENCONTRADOS

  • Cita de la fuente: Siete años en África, ca. 1870
  • Información encontrada: port. (A. Llanos y Alcaraz)

670 ## - FUENTE DE DATOS ENCONTRADOS

  • Cita de la fuente: El figón de las desdichas, 1887
  • Información encontrada: port. (letra de Adolfo Llanos)

670 ## - FUENTE DE DATOS ENCONTRADOS

  • Cita de la fuente: Gran enciclopedia de la Región de Murcia, 1991-1995
  • Información encontrada: (Llanos y Alcaraz, Adolfo; n. 1841 en Cartagena, m. 1892; escritor, militar, ejerció el periodismo)

670 ## - FUENTE DE DATOS ENCONTRADOS

  • Cita de la fuente: WWW LC Auth. File, 22-12-2009
  • Información encontrada: (Llanos y Alcaraz, Adolfo, 1834-1894)